000 00355nam a2200157Ia 4500
005 20250423094528.0
008 250422s9999 xx 000 0 und d
020 _a0- 06- 091099- 2
050 _aPS 3563 .A878 .B3/
100 _aArmistead Maupin
245 0 _aBabycakes
260 _bHarper & Row
260 _c1984
300 _a220 p
942 _cBK
999 _c27507
_d27507